<?xml version="1.0" encoding="UTF-8"?>
<collection xmlns="http://www.loc.gov/MARC21/slim">
 <record>
  <leader>00949nam a2200217 a 4500</leader>
  <controlfield tag="001">712120</controlfield>
  <controlfield tag="008">090708r19671959    enk      b    000 0 eng d</controlfield>
  <datafield tag="010" ind1=" " ind2=" ">
   <subfield code="a">   88040268 </subfield>
  </datafield>
  <datafield tag="040" ind1=" " ind2=" ">
   <subfield code="a">ANL</subfield>
   <subfield code="b">eng</subfield>
   <subfield code="c">ANL</subfield>
   <subfield code="d">ANL:NR</subfield>
  </datafield>
  <datafield tag="082" ind1="0" ind2="0">
   <subfield code="a">820.509</subfield>
   <subfield code="2">16</subfield>
  </datafield>
  <datafield tag="245" ind1="1" ind2="4">
   <subfield code="a">Eighteenth-century English literature :</subfield>
   <subfield code="b">modern essays in criticism /</subfield>
   <subfield code="c">edited by James L. Clifford</subfield>
  </datafield>
  <datafield tag="246" ind1="2" ind2=" ">
   <subfield code="a">18th century English literature</subfield>
  </datafield>
  <datafield tag="260" ind1=" " ind2=" ">
   <subfield code="a">London :</subfield>
   <subfield code="b">Oxford University Press,</subfield>
   <subfield code="c">1959 [Reprinted 1967]</subfield>
  </datafield>
  <datafield tag="300" ind1=" " ind2=" ">
   <subfield code="a">xi, 351 p. ;</subfield>
   <subfield code="c">21 cm.</subfield>
  </datafield>
  <datafield tag="504" ind1=" " ind2=" ">
   <subfield code="a">Includes bibliographic references and  index.</subfield>
  </datafield>
  <datafield tag="541" ind1="1" ind2=" ">
   <subfield code="e">00010102</subfield>
  </datafield>
  <datafield tag="650" ind1=" " ind2="0">
   <subfield code="a">English literature</subfield>
   <subfield code="y">18th century</subfield>
   <subfield code="x">History and criticism.</subfield>
  </datafield>
  <datafield tag="700" ind1="1" ind2=" ">
   <subfield code="a">Clifford,James L.</subfield>
  </datafield>
  <datafield tag="852" ind1="4" ind2=" ">
   <subfield code="a">Ayesha Abed Library</subfield>
   <subfield code="j">General shelf 	</subfield>
  </datafield>
  <datafield tag="999" ind1=" " ind2=" ">
   <subfield code="c">2221</subfield>
   <subfield code="d">2221</subfield>
  </datafield>
  <datafield tag="952" ind1=" " ind2=" ">
   <subfield code="0">0</subfield>
   <subfield code="1">0</subfield>
   <subfield code="2">ddc</subfield>
   <subfield code="4">1</subfield>
   <subfield code="6">820_509000000000000_EIG</subfield>
   <subfield code="7">0</subfield>
   <subfield code="9">2046</subfield>
   <subfield code="a">BRACUL</subfield>
   <subfield code="b">BRACUL</subfield>
   <subfield code="c">SPS</subfield>
   <subfield code="d">2009-07-09</subfield>
   <subfield code="g">0.00</subfield>
   <subfield code="l">0</subfield>
   <subfield code="o">820.509 EIG</subfield>
   <subfield code="p">3010010102</subfield>
   <subfield code="r">2009-07-09</subfield>
   <subfield code="t">1</subfield>
   <subfield code="w">2009-07-09</subfield>
   <subfield code="y">BK</subfield>
   <subfield code="x">No price found in the accession register.</subfield>
  </datafield>
 </record>
</collection>
